00458nam a22001577a 450000500170000001000130001702000260003003500130005603700130006908200100008210000170009224500660010926000360017527000690021130000200028020180601111332.0 aB-694054 a9788186270974c650.00 aB-694054 bRK Books a621.3 aRajput, R.K. aAn Integrated Course in Elecrtical Engineering /cR.K. Rajput aDelhibBirla Publicationsc2018 a1/9185, Street No.5, West Rohtash Nagar, ShahdarabDelhie110032 aVP.c22Cm (Pbk)